000 00592cam a22002411 4500
001 sa 67001880
003 DLC
005 20260227112326.0
008 890403s1964 xx 000 0 hino
010 _asa 67001880
035 _a(OCoLC)23561361
040 _aDLC
_cMiU
_dDLC
042 _apremarc
043 _aa-ii---
050 0 0 _aDS480.84
_b.A85
100 0 _aAvyalīka,
_cpseud.
245 1 0 _aSatya kī khoja.
260 _c[1964]
300 _a180 p.
_c18 cm.
500 _aRomanized.
610 2 0 _aIndian National Congress
651 0 _aIndia
_xPolitics and government
_y1947-
999 _c72902
_d72902